|
|
|
|
| LEADER |
00000naa2a2200000 4500 |
| 001 |
671425 |
| 005 |
20240401133203.0 |
| 090 |
|
|
|a 671425
|
| 100 |
|
|
|a 20240313d2023 k||y0rusy50 ca
|
| 101 |
0 |
|
|a rus
|
| 102 |
|
|
|a RU
|
| 135 |
|
|
|a drcn ---uucaa
|
| 200 |
1 |
|
|a Технологизация процесса развития гибких навыков у студентов технического вуза на примере дисциплины «Иностранный язык»
|f Т. Н. Ануфриева
|g Национальный исследовательский Томский политехнический университет
|
| 320 |
|
|
|a Литература: с. 27
|
| 330 |
|
|
|a В работе обосновывается актуальность развития гибких навыков в системе высшего образования, рассматривается целесообразность технологизации процесса их
развития с целью получения возможности управления данной процедурой, а также представлен опыт проектирования основополагающих аспектов, отвечающих за технологичность
|
| 336 |
|
|
|a Текстовый файл
|
| 463 |
|
0 |
|0 670679
|t Лингвистические и культурологические аспекты современного инженерного образования
|o сборник тезисов IV Международной научно-практической конференции «Лингвистические и культурологические аспекты современного инженерного образования» памяти кандидата педагогических наук, доцента Н.А. Качалова, Томск, 15-17 ноября 2023 г.
|f Национальный исследовательский Томский политехнический университет (ТПУ); гл. ред. Ю. В. Кобенко
|v С. 22-27
|d 2023
|9 670679
|a Кобенко, Ю. В. (лингвист ; 1977-)
|c Томск
|n Изд-во ТПУ
|p 1 файл (8,48 Мб, 380 с.)
|u conference_tpu-2023-C85_V1.pdf
|
| 610 |
1 |
|
|a электронный ресурс
|
| 610 |
1 |
|
|a труды учёных ТПУ
|
| 610 |
1 |
|
|a гибкие навыки
|
| 610 |
1 |
|
|a технологизация
|
| 610 |
1 |
|
|a технология
|
| 610 |
1 |
|
|a технический вуз
|
| 610 |
1 |
|
|a дисциплина «Иностранный язык»
|
| 700 |
|
1 |
|a Ануфриева
|b Т. Н.
|c лингвист
|c старший преподаватель Томского политехнического университета
|f 1977-
|g Татьяна Николаевна
|9 22517
|
| 712 |
0 |
2 |
|a Национальный исследовательский Томский политехнический университет
|b Школа базовой инженерной подготовки
|b Отделение иностранных языков
|3 (RuTPU)RU\TPU\col\23510
|9 28326
|
| 801 |
|
2 |
|a RU
|b 63413507
|c 20240313
|g RCR
|
| 856 |
4 |
|
|u http://earchive.tpu.ru/handle/11683/77712
|z http://earchive.tpu.ru/handle/11683/77712
|
| 942 |
|
|
|c CF
|